000
00305nam a22001217a 4500
040
_c
SK
082
_a
338
100
_a
ច័ន្ទ សារុន
245
_a
បច្ចេកទេសចិញ្ចឹមជ្រូក
260
_a
RUA
_b
ច័ន្ទ
_c
2011
300
_a
41p.
942
_c
KB
999
_c
10218
_d
10218